[Event "Auburn Hills op"]
[Site "Auburn Hills"]
[Date "2003.04.27"]
[Round "5"]
[White "Speight, Timothy"]
[Black "Bezrutch, Brian"]
[Result "0-1"]
[WhiteElo "1275"]
[BlackElo "1294"]
[PlyCount "68"]
[EventDate "2003.04.26"]
[EventType "swiss"]
[EventRounds "5"]
[EventCountry "USA"]
[SourceTitle "EXT 2007"]
[Source "ChessBase"]
[SourceDate "2006.11.23"]
[SourceVersion "1"]
[SourceVersionDate "2006.11.23"]
[SourceQuality "1"]

1. Nf3 Nc6 2. e4 e5 3. Bc4 Bc5 4. 0-0 Nf6 5. Nc3 0-0 6. a3 d6 7. Na4 Bb6 8. Qe2 Bg4 9. c3 Rc8 10. Nxb6 cxb6 11. Qe3 Ne7 12. Ba2 Ng6 13. d3 Nh5 14. Ng5 Qf6 15. h3 Bd7 16. Bd2 Ngf4 17. Nxf7 Rxf7 18. Bxf7+ Qxf7 19. Qf3 Qg6 20. Bxf4 Nxf4 21. Kh2 Qh6 22. Rad1 Rf8 23. Qe3 Rf6 24. Rg1 Rg6 25. Qf3 Qg5 26. g4 Rh6 27. Rg3 Rf6 28. Qe3 Qh4 29. f3 Rh6 30. d4 Nxh3 31. Rxh3 Qxh3+ 32. Kg1 Qh1+ 33. Kf2 Rh2+ 34. Kg3 Qg2# 0-1

[Event "Motor City op"]
[Site "Warren"]
[Date "2002.12.01"]
[Round "6"]
[White "Sturgis, Derreck"]
[Black "Speight, Timothy"]
[Result "0-1"]
[WhiteElo "1090"]
[BlackElo "1107"]
[PlyCount "132"]
[EventDate "2002.11.29"]
[EventType "swiss"]
[EventRounds "7"]
[EventCountry "USA"]
[SourceTitle "EXT 2009"]
[Source "ChessBase"]
[SourceDate "2008.11.26"]
[SourceVersion "1"]
[SourceVersionDate "2008.11.26"]
[SourceQuality "1"]

1. e4 c5 2. Nf3 Nc6 3. c3 e6 4. g3 a6 5. Bg2 d6 6. 0-0 Nf6 7. d3 Be7 8. Nbd2 0-0 9. Re1 Qc7 10. d4 cxd4 11. cxd4 Nb4 12. e5 dxe5 13. dxe5 Nfd5 14. Nd4 Bc5 15. N2b3 Ba7 16. a3 Nc6 17. Bh6 Nce7 18. Rc1 Qd7 19. Bxg7 Kxg7 20. Qg4+ Ng6 21. h4 f6 22. exf6+ Nxf6 23. Nxe6+ Qxe6 24. Qxe6 Bxe6 25. Rxe6 Rab8 26. Rc7+ Rf7 27. Rxf7+ Kxf7 28. Rd6 Re8 29. Bd5+ Kg7 30. Kf1 Nxd5 31. Rxd5 Rf8 32. Nd4 Bxd4 33. Rxd4 Rf7 34. f4 Kh6 35. Kg2 Kg7 36. Rd2 Ne7 37. Rf2 h5 38. Kh3 Kg6 39. g4 hxg4+ 40. Kxg4 Ng8 41. f5+ Kf6 42. Kf4 Rh7 43. Kg3 Ne7 44. Kg4 Nc6 45. h5 Nd4 46. Rd2 Rg7+ 47. Kf4 Nxf5 48. Rh2 Nh6 49. Rh4 Ke6 50. Ke4 Rf7 51. Rf4 Rxf4+ 52. Kxf4 Ng8 53. Kg5 Kf7 54. h6 Nxh6 55. Kxh6 Ke6 56. Kg5 Kd5 57. Kf5 b5 58. b3 Kd4 59. Ke6 Kc3 60. a4 b4 61. Kd5 Kxb3 62. a5 Ka4 63. Kc5 Kxa5 64. Kc4 Ka4 65. Kd3 Kb3 66. Kd2 Ka2 0-1